| 000 | 00754nam a2200193Ia 4500 | ||
|---|---|---|---|
| 003 | OSt | ||
| 005 | 20210714193444.0 | ||
| 008 | 210310s1994 ck gr 000 0 spa d | ||
| 040 |
_aCO-JMCR _cCO-JMCR |
||
| 041 | 0 | _aspa | |
| 082 | 0 | 4 |
_a346.092 / _bM285i _223 |
| 100 | 1 |
_aManrique Nieto, Carlos Eduardo, _916212 _eautor |
|
| 245 | 1 | 0 |
_aIntroducción a la titularización : _baspectos jurídicos / _cCarlos E. Manrique Nieto |
| 260 |
_aBogotá : _bAsobancaria, _c1994 |
||
| 300 |
_a73 páginas ; _c27 cm. |
||
| 505 | 0 | _aInstituciones jurídicas involucradas en el proceso -- La titularización visión general -- Principales operaciones del proceso -- Regulación de la titularización en Colombia | |
| 650 | 1 | 4 |
_aValores _916214 _zColombia |
| 942 |
_2ddc _cBK |
||
| 999 |
_c8057 _d8057 |
||